Southern and postcolonial perspectives on policing, security and social order

Postcolonial legacies continue to impact upon the Global South and this edited collection explores their influence on systems of policing and social ordering. Expanding the Southern criminology agenda, the book critically examines social and environmental harms, violence and war crimes, human rights...

Full description

Saved in:  
Bibliographic Details
Contributors: Cavalcanti, Roxana Pessoa (Editor) ; Squires, Peter 1958- (Editor) ; Waseem, Zoha (Editor)
Format: Print Book
Language:English
Published: Bristol, UK Bristol University Press 2025
In:Year: 2025
Check availability: HBZ Gateway
Subito Delivery Service: Order now.
Keywords:

MARC

LEADER 00000cam a2200000 c 4500
001 1911800027
003 DE-627
005 20260220110457.0
007 tu
008 241210s2025 xxk||||| 00| ||eng c
020 |a 9781529223675  |q paperback 
020 |a 9781529223668  |q hardcover 
035 |a (DE-627)1911800027 
035 |a (DE-599)KXP1911800027 
035 |a (OCoLC)1546491755 
040 |a DE-627  |b ger  |c DE-627  |e rda 
041 |a eng 
044 |c XA-GB 
050 0 |a JV152 
082 0 |a 363.2/3091724  |2 23 
084 |a 2,1  |2 ssgn 
084 |a MK 2500  |2 rvk  |0 (DE-625)rvk/123038: 
084 |a MK 2700  |2 rvk  |0 (DE-625)rvk/123040: 
245 0 0 |a Southern and postcolonial perspectives on policing, security and social order  |c edited by Roxana Pessoa Cavalcanti, Peter Squires and Zoha Waseem 
264 1 |a Bristol, UK  |b Bristol University Press  |c 2025 
300 |a xi, 366 Seiten  |b Diagramme, Illustrationen 
336 |a Text  |b txt  |2 rdacontent 
337 |a ohne Hilfsmittel zu benutzen  |b n  |2 rdamedia 
338 |a Band  |b nc  |2 rdacarrier 
500 |a Literaturangaben und Index 
520 |a Postcolonial legacies continue to impact upon the Global South and this edited collection explores their influence on systems of policing and social ordering. Expanding the Southern criminology agenda, the book critically examines social and environmental harms, violence and war crimes, human rights abuses and the criminalisation of protest. 
650 0 |a Law Enforcement  |z Developing countries 
650 0 |a National Security  |z Developing countries 
650 0 |a Postcolonialism  |z Developing countries 
700 1 |a Cavalcanti, Roxana Pessoa  |e HerausgeberIn  |0 (DE-588)121088710X  |0 (DE-627)1698764960  |4 edt 
700 1 |a Squires, Peter  |d 1958-  |e HerausgeberIn  |0 (DE-588)1054317178  |0 (DE-627)791290751  |0 (DE-576)167345699  |4 edt 
700 1 |a Waseem, Zoha  |e HerausgeberIn  |0 (DE-588)1248270231  |0 (DE-627)1783516097  |4 edt 
776 1 |o 10.56687/9781529223699 
776 1 |z 9781529223682  |c ePub 
776 1 |z 9781529223699  |c ePdf 
787 0 8 |i Rezensiert in  |a Shaffer, Ryan, 1982 -   |t [Rezension von: Southern and postcolonial perspectives on policing, security and social order]  |d 2025  |w (DE-627)1935641115 
936 r v |a MK 2500  |b Nord-Süd-Konflikt  |k Politologie  |k Internationale Politik  |k Nord-Süd-Konflikt  |0 (DE-627)1271620367  |0 (DE-625)rvk/123038:  |0 (DE-576)201620367 
936 r v |a MK 2700  |b Antikolonialismus, Unabhängigkeit, Postkoloniale Studien  |k Politologie  |k Internationale Politik  |k Antikolonialismus, Unabhängigkeit, Postkoloniale Studien  |0 (DE-627)1271305607  |0 (DE-625)rvk/123040:  |0 (DE-576)201305607 
951 |a BO 
ELC |b 1 
ORI |a WA-MARC-krimdok_oa001.raw